000 00311nam a2200145Ia 4500
100 _aShapiro/Mo/ Straw/Alison
942 _cBK
654 _ainterview
245 _aTackling interview question in a week
260 _be
_c1999
082 _a658.3112
_bSHA
300 _a96
546 _aENGLISH
999 _c32766
_d32766